<?xml version="1.0" encoding="UTF-8"?>
<collection xmlns="http://www.loc.gov/MARC21/slim">
 <record>
  <leader>02231nam a22002537a 4500</leader>
  <controlfield tag="001">NCT_134697</controlfield>
  <controlfield tag="008">220603b        xxu||||| |||| 00| 0 vie d</controlfield>
  <datafield tag="999" ind1=" " ind2=" ">
   <subfield code="c">6945</subfield>
   <subfield code="d">6945</subfield>
  </datafield>
  <datafield tag="020" ind1=" " ind2=" ">
   <subfield code="a">9786043430905</subfield>
   <subfield code="c">149000</subfield>
  </datafield>
  <datafield tag="082" ind1="0" ind2="4">
   <subfield code="2">23rd ed.</subfield>
   <subfield code="a">338.5</subfield>
   <subfield code="b">S324</subfield>
  </datafield>
  <datafield tag="100" ind1="1" ind2=" ">
   <subfield code="a">Schenker, Jason</subfield>
  </datafield>
  <datafield tag="245" ind1="1" ind2="0">
   <subfield code="a">Kinh tế hậu Covid :</subfield>
   <subfield code="b">Biến nghịch cảnh thành cơ hội, nắm bắt tâm lý thị trường sau đại dịch</subfield>
   <subfield code="c">Jason Schenker ; Huy Nguyễn (dịch)</subfield>
  </datafield>
  <datafield tag="260" ind1=" " ind2=" ">
   <subfield code="a">H.</subfield>
   <subfield code="b">Lao Động</subfield>
   <subfield code="c">2021</subfield>
  </datafield>
  <datafield tag="300" ind1=" " ind2=" ">
   <subfield code="c">20cm</subfield>
   <subfield code="a">368 tr.</subfield>
   <subfield code="b">Minh họa</subfield>
  </datafield>
  <datafield tag="520" ind1="3" ind2=" ">
   <subfield code="a">Cuốn sách này đề cập đến những nội dung như đại dịch Covid-19 đã lây lan mạnh mẽ trên toàn cầu, đe dọa cuộc sống cũng như nền kinh tế toàn cầu, khiến hoạt động sản xuất kinh doanh bị đình trệ và vô số người bị mất việc. Bằng nhữn hiểu biết sâu sắc về thời cuộc và khả năng dự báo thiên tài của nhà tương lại học hàng đầu thế giới, tác giả Jason Schenker sẽ cung cấp cho chúng ta các chiến lược để đối phó với tình hình khó khăn sau đại dịch.</subfield>
  </datafield>
  <datafield tag="653" ind1=" " ind2=" ">
   <subfield code="a">Quản trị kinh doanh</subfield>
  </datafield>
  <datafield tag="700" ind1="1" ind2="0">
   <subfield code="a">Huy Nguyễn</subfield>
   <subfield code="e">Dịch</subfield>
  </datafield>
  <datafield tag="942" ind1=" " ind2=" ">
   <subfield code="2">ddc</subfield>
   <subfield code="c">BK</subfield>
  </datafield>
  <datafield tag="952" ind1=" " ind2=" ">
   <subfield code="0">0</subfield>
   <subfield code="1">0</subfield>
   <subfield code="2">ddc</subfield>
   <subfield code="4">0</subfield>
   <subfield code="6">338_500000000000000_S324</subfield>
   <subfield code="7">0</subfield>
   <subfield code="9">24843</subfield>
   <subfield code="a">000001</subfield>
   <subfield code="b">000001</subfield>
   <subfield code="d">2022-06-03</subfield>
   <subfield code="l">1</subfield>
   <subfield code="o">338.5 S324</subfield>
   <subfield code="p">MD.19531</subfield>
   <subfield code="r">2022-08-29</subfield>
   <subfield code="s">2022-08-17</subfield>
   <subfield code="v">149000.00</subfield>
   <subfield code="w">2022-06-03</subfield>
   <subfield code="y">BK</subfield>
  </datafield>
  <datafield tag="952" ind1=" " ind2=" ">
   <subfield code="0">0</subfield>
   <subfield code="1">0</subfield>
   <subfield code="2">ddc</subfield>
   <subfield code="4">0</subfield>
   <subfield code="6">338_500000000000000_S324</subfield>
   <subfield code="7">0</subfield>
   <subfield code="9">24844</subfield>
   <subfield code="a">000001</subfield>
   <subfield code="b">000001</subfield>
   <subfield code="d">2022-06-03</subfield>
   <subfield code="o">338.5 S324</subfield>
   <subfield code="p">MD.19532</subfield>
   <subfield code="r">2022-06-03</subfield>
   <subfield code="v">149000.00</subfield>
   <subfield code="w">2022-06-03</subfield>
   <subfield code="y">BK</subfield>
  </datafield>
  <datafield tag="952" ind1=" " ind2=" ">
   <subfield code="0">0</subfield>
   <subfield code="1">0</subfield>
   <subfield code="2">ddc</subfield>
   <subfield code="4">0</subfield>
   <subfield code="6">338_500000000000000_S324</subfield>
   <subfield code="7">0</subfield>
   <subfield code="9">24845</subfield>
   <subfield code="a">000001</subfield>
   <subfield code="b">000001</subfield>
   <subfield code="d">2022-06-03</subfield>
   <subfield code="l">1</subfield>
   <subfield code="o">338.5 S324</subfield>
   <subfield code="p">MD.19533</subfield>
   <subfield code="r">2023-02-24</subfield>
   <subfield code="s">2023-02-08</subfield>
   <subfield code="v">149000.00</subfield>
   <subfield code="w">2022-06-03</subfield>
   <subfield code="y">BK</subfield>
  </datafield>
  <datafield tag="952" ind1=" " ind2=" ">
   <subfield code="0">0</subfield>
   <subfield code="1">0</subfield>
   <subfield code="2">ddc</subfield>
   <subfield code="4">0</subfield>
   <subfield code="6">338_500000000000000_S324</subfield>
   <subfield code="7">0</subfield>
   <subfield code="9">24846</subfield>
   <subfield code="a">000001</subfield>
   <subfield code="b">000001</subfield>
   <subfield code="d">2022-06-03</subfield>
   <subfield code="l">1</subfield>
   <subfield code="o">338.5 S324</subfield>
   <subfield code="p">MD.19534</subfield>
   <subfield code="r">2022-08-29</subfield>
   <subfield code="s">2022-08-17</subfield>
   <subfield code="v">149000.00</subfield>
   <subfield code="w">2022-06-03</subfield>
   <subfield code="y">BK</subfield>
  </datafield>
  <datafield tag="952" ind1=" " ind2=" ">
   <subfield code="0">0</subfield>
   <subfield code="1">0</subfield>
   <subfield code="2">ddc</subfield>
   <subfield code="4">0</subfield>
   <subfield code="6">338_500000000000000_S324</subfield>
   <subfield code="7">0</subfield>
   <subfield code="9">24847</subfield>
   <subfield code="a">000001</subfield>
   <subfield code="b">000001</subfield>
   <subfield code="d">2022-06-03</subfield>
   <subfield code="o">338.5 S324</subfield>
   <subfield code="p">MD.19535</subfield>
   <subfield code="r">2022-06-03</subfield>
   <subfield code="v">149000.00</subfield>
   <subfield code="w">2022-06-03</subfield>
   <subfield code="y">BK</subfield>
  </datafield>
  <datafield tag="980" ind1=" " ind2=" ">
   <subfield code="a">Thư viện Trường Đại học Nam Cần Thơ</subfield>
  </datafield>
 </record>
</collection>
